Signs in cultural facilities (Record no. 12196)
[ view plain ]
| 000 -LEADER | |
|---|---|
| fixed length control field | 00288 a2200133 4500 |
| 003 - CONTROL NUMBER IDENTIFIER | |
| control field | OSt |
| 005 - DATE AND TIME OF LATEST TRANSACTION | |
| control field | 20240111175656.0 |
| 008 - FIXED-LENGTH DATA ELEMENTS--GENERAL INFORMATION | |
| fixed length control field | 240111b ||||| |||| 00| 0 eng d |
| 020 ## - INTERNATIONAL STANDARD BOOK NUMBER | |
| International Standard Book Number | 9788997079728 |
| 100 ## - MAIN ENTRY--PERSONAL NAME | |
| Personal name | DMP |
| 245 ## - TITLE STATEMENT | |
| Title | Signs in cultural facilities |
| 260 ## - PUBLICATION, DISTRIBUTION, ETC. (IMPRINT) | |
| Name of publisher, distributor, etc | DMP |
| 942 ## - ADDED ENTRY ELEMENTS (KOHA) | |
| Source of classification or shelving scheme | |
| Withdrawn status | Lost status | Source of classification or shelving scheme | Damaged status | Koha normalized classification for sorting | Not for loan | Permanent location | Current location | Date acquired | Source of acquisition | Cost, normal purchase price | Full call number | Barcode | Date last seen | Cost, replacement price | Price effective from | Koha item type |
|---|---|---|---|---|---|---|---|---|---|---|---|---|---|---|---|---|
| 720_000000000000000 | BMS College of Architecture, Design and Planning | BMS College of Architecture, Design and Planning | 2024-01-11 | 10 | 4488.75 | 720 | AR-UG3470 | 2024-01-11 | 6412.50 | 2024-01-11 | UG Books |